Đánh giá hiệu quả kinh tế - xã hội khu dân cư vượt lũ tại huyện Cờ Đỏ, thành phố Cần Thơ : Luận văn Thạc sĩ kinh tế chuyên ngành Kinh tế Nông nghiệp

Đề tài tập trung nghiên cứu tình hình kinh tế xã hội của các hộ dân trước và sau khi vào khu dân cư vượt lũ. Đánh giá hiệu quả kinh tế - xã hội của chương trrình xây dựng KDCVL tại huyện Cờ Đỏ, đánh giá các nhân tố ảnh hưởng thu nhập...

תיאור מלא

שמור ב:
מידע ביבליוגרפי
מחבר ראשי: Nguyễn, Minh Tâm
פורמט: ספר
שפה:Undetermined
יצא לאור: Cần Thơ Trường Đại học Cần Thơ 2011
נושאים:
תגים: הוספת תג
אין תגיות, היה/י הראשונ/ה לתייג את הרשומה!
Thư viện lưu trữ: Trung tâm Học liệu Trường Đại học Cần Thơ
LEADER 01523nam a2200229Ia 4500
001 CTU_167865
008 210402s9999 xx 000 0 und d
082 |a 330.95979 
082 |b T120 
088 |a 60620115 
100 |a Nguyễn, Minh Tâm 
245 0 |a Đánh giá hiệu quả kinh tế - xã hội khu dân cư vượt lũ tại huyện Cờ Đỏ, thành phố Cần Thơ : 
245 0 |b Luận văn Thạc sĩ kinh tế chuyên ngành Kinh tế Nông nghiệp 
245 0 |c Nguyễn Minh Tâm ; Đỗ Văn Xê ( hướng dẫn khoa học ) 
260 |a Cần Thơ 
260 |b Trường Đại học Cần Thơ 
260 |c 2011 
520 |a Đề tài tập trung nghiên cứu tình hình kinh tế xã hội của các hộ dân trước và sau khi vào khu dân cư vượt lũ. Đánh giá hiệu quả kinh tế - xã hội của chương trrình xây dựng KDCVL tại huyện Cờ Đỏ, đánh giá các nhân tố ảnh hưởng thu nhập của các hộ dân sống tại khu DCVL. Đề ra các giải pháp nhằm phát triển kinh tế - xã hội cho các hộ dân sinh sống tại KDCVL. 
650 |a Việt Nam,Economic geography,Vietnam,Địa lý kinh tế 
650 |x Tình trạng và điều kiện kinh tế,Economic conditions 
904 |i Qhieu 
980 |a Trung tâm Học liệu Trường Đại học Cần Thơ